000 00692nam a2200229 i 4500
001 C2-0106270
003 PPAK
005 20180727101853.0
008 970614s1987 my |||| ||||| | may d
040 _aPPAK
_beng
_cPPAK
_erda
082 0 4 _a915.93
_223
090 0 0 _a915.93
_bAIR
_dKK
090 0 0 _a915.93
_bAIR
_dKSI
245 0 0 _aAir sejuk :
_bkesan lawatan ke Ranong di Thailand Selatan
264 1 _aAlor Setar, Kedah :
_bPersatuan Sejarah Malaysia ,
_c1987
300 _a[various pages] ;
_c30 cm
336 _2rdacontent
_atext
337 _2rdamedia
_aunmediated
338 _2rdacarrier
_avolume
500 _aPersatuan Sejarah Malaysia Cawangan Kedah Darul Aman
942 _ddc
_cB
999 _c25919
_d25919